Магия бренда; Обувь России; № 4

Opis bibliograficzny
Parent link:Обувь России.— , 2007
№ 4.— 2007.— С. 8-10
1. autor: Охорзина Ю. О. Юлия Олеговна
Streszczenie:В фонде НТБ ТПУ отсутствует
Język:rosyjski
Wydane: 2007
Hasła przedmiotowe:
Format: MixedMaterials Rozdział
KOHA link:https://koha.lib.tpu.ru/cgi-bin/koha/opac-detail.pl?biblionumber=600940

MARC

LEADER 00000naa0a2200000 4500
001 600940
005 20250207090608.0
035 |a (RuTPU)RU\TPU\tpu\25533 
035 |a RU\TPU\tpu\25434 
090 |a 600940 
100 |a 20140731d2007 k||y0rusy50 ca 
101 0 |a rus 
102 |a RU 
200 1 |a Магия бренда  |f Ю. О. Охорзина 
333 |a В фонде НТБ ТПУ отсутствует 
461 |t Обувь России  |d 2007 
463 |t № 4  |v С. 8-10  |d 2007 
610 1 |a труды учёных ТПУ 
700 1 |a Охорзина  |b Ю. О.  |c экономист  |c доцент Томского политехнического университета, кандидат экономических наук  |f 1972-  |g Юлия Олеговна  |3 (RuTPU)RU\TPU\pers\31308  |9 15486 
801 1 |a RU  |b 63413507  |c 20140718 
801 2 |a RU  |b 63413507  |c 20140731  |g RCR 
942 |c CR